000 00856nam a22002777a 4500
003 DO-SdBPM
005 20250221081743.0
008 161031b2008 ch a 00| 0 spa d
020 _a 9781407533186
020 _a
040 _aDO-SdBPM
_bspa
_cBPMSU
082 4 _b H282p 2008
_222
100 1 _a
245 1 0 _a¡Por favor! ¡Gracias! /
_cJillian Harker ; Colaborador(es): O'Neill, Rachael ilustrador
260 _aNew York :
_bParragón,
_c2008
300 _a(27) p. :
_bil. ;
_c24 cm.
490 0 _aBuenos Modales
500 _aLibro de pasta dura.
590 _aInventariado, 2025/VM
650 4 _aLiteratura infantil
_2
650 4 _aAmistad
_vCuentos de la vida cotidiana
650 4 _aLibros ilustrados para niños
700 1 _aOneill, Rachael
_eilustraciones
910 _aVMateo V. Control de calidad BPMSU
942 _2ddc
_cBK
999 _c14946
_d14946